000 00616nam a2200217 a 4500
001 BRCA_5721
005 20190320205206.0
008 030311s1906----gw-a######---#000-0#ger-#
041 _ager
044 _agw
050 4 _aQA55
_b.L34 1906
100 1 _aLahr Nestler, Albert
_914522
245 1 0 _aDer Logaritmische Rechenschieber
_cAlbert Lahr Nestler.
260 _aBerlín
_bAlbert Nestler Lahr
_c1906
300 _a58 p.
_bil.
_c23 cm.
500 _aEstado físico: cubierta desprendida del cuadernillo
500 _aH41
650 1 4 _aCálculo logarítmico
_zAlemania
_914523
902 _aGFM
942 _2lcc
_cB
999 _c5411
_d5411